000
00284nam a2200121Ia 4500
008
190216s9999||||xx |||||||||||||| ||und||
100
_a
Sasidharan D*Valsalakumar N
245
0
_a
Text Of Botany
260
_b
Vidyarthimithram
_c
1990
300
_a
152p
650
_a
Botany
942
_c
BK
999
_c
1426
_d
1426